000 00482nam a2200181Ia 4500
001 7819
005 20260306160523.0
008 260306t2007||||xx |||||||||||||| ||spa||
041 _aESP
082 _a362.2957
_bV23
100 _aVallejos, José
_eAUT
245 0 _aPrograma de intervención preventiva del consumo de marihuana para población adolescente
260 _c2007
300 _a134 páginas :
_c21 cm.
650 _aGEN
654 _aCPS
942 _cLIB
_dJUS
_fJUS
_2ddc
_n
999 _c7819
_d7819